Development of Work and Family Commitments: A Study with Women and Men Medical Students (Record no. 517701)
[ view plain ]
| 000 -CABECERA | |
|---|---|
| Campo de control de longitud fija | 00651nab a2200181Ia 4500 |
| 003 - IDENTIFICADOR DEL NÚMERO DE CONTROL | |
| Campo de control | ES-SlBCS |
| 005 - FECHA Y HORA DE LA ÚLTIMA TRANSACCIÓN | |
| Campo de control | 20210601124633.0 |
| 008 - CÓDIGOS DE INFORMACIÓN DE LONGITUD FIJA | |
| Campo de control de longitud fija | 140529s1987 xxu||||| |||| 00| 0 eng d |
| 041 ## - CÓDIGO DE LENGUA | |
| Código de lengua del texto/banda sonora o título independiente | eng |
| 100 1# - PUNTO DE ACCESO PRINCIPAL-NOMBRE DE PERSONA | |
| Nombre de persona | Grant, Linda |
| 9 (RLIN) | 146615 |
| 245 00 - MENCIÓN DE TÍTULO | |
| Título | Development of Work and Family Commitments: A Study with Women and Men Medical Students |
| Mención de responsabilidad, etc. | Linda Grant, Kathryn Ward, Donald R. Brown, William E. Moore |
| 650 04 - PUNTO DE ACCESO ADICIONAL DE MATERIA-TÉRMINO DE MATERIA | |
| Término de materia o nombre geográfico como elemento inicial | Familia-Trabajo |
| 9 (RLIN) | 145630 |
| 700 1# - PUNTO DE ACCESO ADICIONAL-NOMBRE DE PERSONA | |
| Nombre de persona | Brown, Donald R |
| 9 (RLIN) | 146616 |
| 700 1# - PUNTO DE ACCESO ADICIONAL-NOMBRE DE PERSONA | |
| Nombre de persona | Moore, William E. |
| 9 (RLIN) | 146617 |
| 700 1# - PUNTO DE ACCESO ADICIONAL-NOMBRE DE PERSONA | |
| Nombre de persona | Ward, Kathryn |
| 9 (RLIN) | 146618 |
| 773 0# - ENLACE AL DOCUMENTO FUENTE | |
| Título | Journal of Family Issues |
| Parte(s) relacionada(s) | vol. 8, nº. 2, 1987, págs. 176-198 |
| Número de control del registro relacionado | Rev1405 |
| 942 ## - ENTRADA DE ELEMENTOS AGREGADOS (KOHA) | |
| Koha [por defecto] tipo de item | Artículos de revista |
| Suprimido | Perdido | Estropeado | No para préstamo | Localización permanente | Localización actual | Localización en estantería | Fecha adquisición | Préstamos totales | Fecha última consulta | Fecha del precio de reemplazo | Tipo de item de Koha |
|---|---|---|---|---|---|---|---|---|---|---|---|
| San Esteban | San Esteban | Depósito de revistas | 11/07/2014 | 11/07/2014 | 11/07/2014 | Artículos de revista |
